000 01106nam a2200325 i 4500
001 000012350
003 DO-SdBNP
005 20240530073913.0
007 ta
008 091111s2004 dr 000 f spa d
020 _a9993403040 (v.1)
020 _a9993492701 (v.2)
040 _aDO-SdBNP
_bspa
_cBNPHU
_erda
082 4 _aRD863.44
_bB663n, 2004
_222
100 1 _aBobadilla, José
_d1955-
_911356
_eautor
245 1 4 _aLos negocios del sueño /
_cJosé Bobadilla.
250 _a2a. edición
264 _aSanto Domingo :
_bImagen escrita :
_bLetra gráfica,
_c2004.
300 _a2 volumen ;
_c22 cm.
336 _2rdacontent
_atexto
_btxt
337 _2rdamedia
_asin mediación
_bn
338 _2rdacarrier
_avolumen
_bnc
500 _aIncluye datos biográficos del autor en la solapa de la cubierta.
505 2 _av.1
_tTextos 1970-1983 (Primera parte) --
_gv. 2
_tTextos 1970-1983 (Segunda parte) --
590 _aInventariado, 2020/MFF
650 0 _aNovela dominicana
_9223
650 0 _aLiteratura dominicana.
_967
910 _aValidado. Control de calidad MMOLNA
942 _2ddc
_cLBS1
999 _c12007
_d12007